000
00224nam a22000857a 4500
008
160704b xxu||||| |||| 00| 0 eng d
100
_9
2074
_a
Anand, U
245
_a
Let's Do a Play
260
_a
New Delhi
_b
National Book Trust
_c
1971
999
_c
1771
_d
1771